Analýza rizík vo vybranej prevádzke

Salvato in:
Dettagli Bibliografici
Autore principale: Kovács, František (Autore)
Altri autori: Soldán, Maroš (Relatore della tesi)
Natura: Manoscritto Libro
Lingua:slovacco
Pubblicazione: 2019
Soggetti:
Accesso online:http://is.stuba.sk/zp/portal_zp.pl?podrobnosti=153295
Tags: Aggiungi Tag
Nessun Tag, puoi essere il primo ad aggiungerne!!

MARC

LEADER 00000ntm a22000003a 4500
001 stuzp74057
003 SK-STU
005 20190622211451.7
007 ta
008 150427s2015----xo-----f-mn---000-0-slo-d
040 |a STU  |b slo 
041 0 |a slo 
100 1 |a Kovács, František  |u 065000  |4 aut  |U MTF Materiálovotechnologická fakulta  |T MTF Ústav integrovanej bezpečnosti  |X 71893  |U M5000  |Y 85  |7 71893 
242 0 1 |a Risk analysis in selected company  |y eng 
245 1 0 |a Analýza rizík vo vybranej prevádzke 
260 |c 2019 
650 4 |a nebezpečenstvo  |2 slo 
650 4 |a riziko  |2 slo 
650 4 |a ohrozenie  |2 slo 
650 4 |a danger  |2 eng 
650 4 |a risk  |2 eng 
650 4 |a jeopardy  |2 eng 
700 1 |a Soldán, Maroš  |u 065000  |k Z1  |4 ths  |U MTF Materiálovotechnologická fakulta  |T MTF Ústav integrovanej bezpečnosti  |X 2878  |U M5000  |Y 85  |7 A000002878 
856 4 |u http://is.stuba.sk/zp/portal_zp.pl?podrobnosti=153295 
996 |c M* BP-8520  |l MMSKP  |s P  |a 0  |w stuzp74057_0001